000 00373nam a2200157Ia 4500
008 230524s9999 xx 000 0 und d
020 _a9788131723593
100 _aGary Nutt
245 0 _aOperating Systems
250 _a3rd ed.
260 _bPearson
500 _aQuantity Number: 3
650 _aComp-Sc
700 _a"Nabendu Chaki,Sarmistha Neogy"
942 _cBK
999 _c50659
_d50659